Una acción católica para nuestro tiempo / (Record no. 84741)

MARC details
000 -LEADER
campo de control de longitud fija 00476nam a2200157 i 4500
001 - NÚMERO DE CONTROL
campo de control 84741
003 - IDENTIFICADOR DE NÚMERO DE CONTROL
campo de control ES-MaACL
005 - FECHA Y HORA DE LA ÚLTIMA TRANSACCIÓN
campo de control 20230906175105.0
007 - CAMPO FIJO DE DESCRIPCIÓN FÍSICA--INFORMACIÓN GENERAL
campo de control de longitud fija t|
008 - DATOS DE LONGITUD FIJA--INFORMACIÓN GENERAL
campo de control de longitud fija 041123s1969 sp ||||1| spa d
100 1# - ENTRADA PRINCIPAL--NOMBRE DE PERSONA
Nombre de persona Giménez Medina, Juan José.
9 (RLIN) 57056
245 14 - MENCIÓN DEL TÍTULO
Título Una acción católica para nuestro tiempo /
Mención de responsabilidad, etc. Juan José Giménez Medina.
260 ## - PUBLICACIÓN, DISTRIBUCIÓN, ETC.
Lugar de publicación, distribución, etc. [Madrid :
Nombre del editor, distribuidor, etc. Acción Católica Española,
Fecha de publicación, distribución, etc. 1969]
300 ## - DESCRIPCIÓN FÍSICA
Extensión 125 p. ;
Dimensiones 18 cm.
852 ## - LOCALIZACIÓN
Ubicación ES-MaACL
Número de control de estantería C-51796
Sublocalización o colección R.68796
Holdings
Estatus retirado Estado de pérdida Estado de daño No para préstamo Biblioteca de origen Biblioteca actual Ubicación en estantería Fecha de adquisición Fuente de adquisición Total de préstamos Signatura topográfica completa Código de barras Visto por última vez Precio de reemplazo Tipo de ítem Koha
        Biblioteca del Ateneo de Madrid Biblioteca del Ateneo de Madrid Depósito 2 17/01/2008     C-51796 1088559 23/02/2023 23/02/2023 Libro impreso